Statystyki dla Top 10 najbogatszych ludzi na świecie

Kliknij tutaj aby rozwiązać quiz!

Ogólne statystyki

  • Ten quiz został rozwiązany 458 razy
  • Średni wynik to 2 z 10

Statystyki odpowiedzi

HintOdpowiedź% Poprawnych
96,5mld. $Bill Gates
90%
131mld. $Jeff Bezos
56%
64mld. $Carlos Slim
6%
62,7mld. $Amancio Ortega
5%
82,5mld. $Warren Buffett
5%
62,3mld. $Mark Zukerberg
4%
50,8mld. $Larry Page
3%
76mld. $Bernard Arnault
2%
62,5mld. $Larry Ellison
1%
55,5mld. $Michael Bloomberg
0%

Rozkład punktacji

Percentyl według liczby udzielonych odpowiedzi

Procent ludzi z każdym wynikiem

Twoja historia wyników

Nie rozwiązałeś tego quizu